[Event "Skakligaen 2024-25"]
[Site "Denmark"]
[Date "2025.03.29"]
[Round "8.7"]
[White "Palm, Nikolaj"]
[Black "Guindy, Esmat Susanne"]
[Result "1/2-1/2"]
[WhiteElo "2283"]
[BlackElo "2076"]
[EventDate "2024.11.02"]
[EventType "team-tourn"]
[EventRounds "9"]
[EventCountry "DEN"]
[SourceTitle "Live v. Kasper Jerwiarz"]
[WhiteTeam "Bronshoj"]
[BlackTeam "Fredericia"]
[WhiteTeamCountry "DEN"]
[BlackTeamCountry "DEN"]

1. d4 d5 2. c4 e6 3. Nc3 Be7 4. Bf4 Nf6 5. e3 O-O 6. Nf3 c5 7. Rc1 Nc6 8. cxd5 Nxd5 9. Nxd5 Qxd5 10. Bc4 Qf5 11. Bd3 Qd5 12. Bc4 Qf5 13. dxc5 Bxc5 14. O-O Be7 15. Qc2 Qxc2 16. Rxc2 Rd8 17. a3 Bd7 18. Rfc1 1/2-1/2

[Event "Skakligaen 2024-25"]
[Site "Denmark"]
[Date "2025.03.29"]
[Round "8.8"]
[White "Jakobsen, Niels Nybo"]
[Black "Carstensen, Jacob"]
[Result "0-1"]
[WhiteElo "2063"]
[BlackElo "2321"]
[EventDate "2024.11.02"]
[EventType "team-tourn"]
[EventRounds "9"]
[EventCountry "DEN"]
[SourceTitle "Live v. Kasper Jerwiarz"]
[WhiteTeam "Fredericia"]
[BlackTeam "Bronshoj"]
[WhiteTeamCountry "DEN"]
[BlackTeamCountry "DEN"]

1. Nf3 Nf6 2. g3 d5 3. Bg2 c6 4. O-O Bf5 5. d3 h6 6. Nbd2 Nbd7 7. c4 e6 8. b3 Bc5 9. Bb2 O-O 10. a3 a5 11. Ra2 Qe7 12. Qa1 Rfd8 13. Ne5 Nxe5 14. Bxe5 Bd6 15. Bxd6 Rxd6 16. e4 dxe4 17. dxe4 Rad8 18. exf5 Rxd2 19. fxe6 fxe6 20. Rxd2 Rxd2 21. Qc3 Ra2 22. Qxa5 Qxa3 23. Qb6 Qe7 24. Re1 e5 25. h3 e4 26. Qe3 Rb2 27. Qc3 Ra2 28. f3 Qc5+ 29. Qe3 Qxe3+ 30. Rxe3 exf3 31. Bxf3 Kf7 32. Be2 Rb2 33. Kf2 Nd7 34. Ke1 Nc5 35. Bd1 Kf6 36. Kf1 Ne6 37. Ke1 Nd4 38. h4 Nf5 39. Rd3 c5 40. Bf3 b6 41. Bc6 Nd4 42. Ba4 g5 43. hxg5+ hxg5 44. Kf1 g4 45. Re3 Nf5 46. Rd3 Rb1+ 47. Kg2 Nd4 48. Kf2 Rb2+ 49. Kf1 Ke5 50. Re3+ Kd6 51. Rd3 Rh2 52. Re3 Rh7 53. Kg2 Nf3 54. Bb5 Rh2+ 55. Kf1 Ne5 56. Ba4 Rd2 57. Ke1 Rb2 58. Re4 Rg2 59. Re3 Nf3+ 60. Kf1 Rxg3 61. Kf2 Rh3 62. Re4 Ne5 63. Kg2 Rd3 64. Rf4 Ke7 65. Rf5 Re3 66. Rh5 Kf6 67. Rh8 Ng6 68. Rb8 Nf4+ 69. Kf2 Rd3 70. Rf8+ Ke5 71. Re8+ Kd4 72. Rg8 Rf3+ 73. Kg1 g3 74. Rg4 Ke3 75. Bc6 Ne2+ 0-1

[Event "Skakligaen 2024-25"]
[Site "Denmark"]
[Date "2025.03.29"]
[Round "8.1"]
[White "Rozentalis, Eduardas"]
[Black "Sloth, Jorn"]
[Result "1-0"]
[WhiteElo "2484"]
[BlackElo "2271"]
[EventDate "2024.11.02"]
[EventType "team-tourn"]
[EventRounds "9"]
[EventCountry "DEN"]
[SourceTitle "Live v. Kasper Jerwiarz"]
[WhiteTeam "Koge"]
[BlackTeam "Nordre"]
[WhiteTeamCountry "DEN"]
[BlackTeamCountry "DEN"]

1. e4 e6 2. d4 d5 3. Nc3 Nf6 4. Bg5 dxe4 5. Nxe4 Be7 6. Bxf6 gxf6 7. Nf3 Nd7 8. Qd2 f5 9. Nc3 Bf6 10. O-O-O c6 11. Bd3 Rg8 12. Rhe1 Kf8 13. g3 c5 14. Qh6+ Bg7 15. Qe3 Qf6 16. Nd5 Qh6 17. Nf4 cxd4 18. Nxd4 Ne5 19. Nxf5 Nxd3+ 20. Rxd3 Bxb2+ 21. Kxb2 exf5 22. Rd8+ Kg7 23. Qd4+ 1-0

[Event "Skakligaen 2024-25"]
[Site "Denmark"]
[Date "2025.03.29"]
[Round "8.2"]
[White "Andersen, Thomas Klitgaard"]
[Black "Pantzar, Milton"]
[Result "1/2-1/2"]
[WhiteElo "2197"]
[BlackElo "2463"]
[EventDate "2024.11.02"]
[EventType "team-tourn"]
[EventRounds "9"]
[EventCountry "DEN"]
[SourceTitle "Live v. Kasper Jerwiarz"]
[WhiteTeam "Nordre"]
[BlackTeam "Koge"]
[WhiteTeamCountry "DEN"]
[BlackTeamCountry "DEN"]

1. Nf3 d5 2. c4 e6 3. g3 Nf6 4. Bg2 Be7 5. O-O O-O 6. d4 c6 7. b3 b6 8. Nbd2 Bb7 9. Bb2 c5 10. dxc5 bxc5 11. cxd5 exd5 12. Qc2 Nbd7 13. Ne5 Nxe5 14. Bxe5 Re8 15. Nc4 Ng4 16. Rad1 Nxe5 17. Nxe5 Bf8 18. Nd3 Qe7 19. e3 Rad8 20. Rc1 Rc8 21. Bh3 Rc7 22. Nf4 Rd8 23. Rfd1 g6 24. Bg2 Rcd7 25. h4 a5 26. Bh3 Rc7 27. Bg2 Rcd7 28. Bh3 Rc7 29. Bg2 Qe5 30. Qd2 d4 31. Bxb7 Rxb7 32. Qxa5 Rbd7 33. exd4 Rxd4 34. Qxd8 Rxd8 35. Rxd8 Qb2 36. Rxc5 Kg7 37. Rc7 Qb1+ 38. Kh2 Qxa2 39. Kg2 Qxb3 40. Rdd7 Kg8 41. h5 Bh6 42. Nd5 Bg5 43. h6 Bxh6 44. Nf6+ Kg7 45. Ne8+ Kg8 46. Rc8 Bf8 47. Nf6+ Kg7 48. Nxh7 Bd6 49. Nf6 Bxg3 50. Ne8+ Kh6 51. fxg3 Qe6 52. Rdd8 Qe2+ 53. Kg1 Kg5 54. Rd5+ Kg4 55. Nf6+ Kh3 56. Rh8+ Kxg3 57. Rg5+ Kf4 58. Rg2 Qe1+ 59. Kh2 Qe5 60. Re8 Qd6 61. Rf2+ Kg5+ 62. Kg2 Qc6+ 63. Re4 Kh6 64. Ng4+ Kg5 1/2-1/2

[Event "Skakligaen 2024-25"]
[Site "Denmark"]
[Date "2025.03.29"]
[Round "8.3"]
[White "Smith, Axel"]
[Black "Abildlund, Jens"]
[Result "1-0"]
[WhiteElo "2428"]
[BlackElo "2196"]
[EventDate "2024.11.02"]
[EventType "team-tourn"]
[EventRounds "9"]
[EventCountry "DEN"]
[SourceTitle "Live v. Kasper Jerwiarz"]
[WhiteTeam "Koge"]
[BlackTeam "Nordre"]
[WhiteTeamCountry "DEN"]
[BlackTeamCountry "DEN"]

1. c4 d6 2. d4 e5 3. Nf3 Nc6 4. Nc3 Bg4 5. d5 Nce7 6. g3 g6 7. Bg2 Bg7 8. O-O Nf6 9. e4 Qd7 10. Re1 O-O 11. Qc2 Ne8 12. Bd2 h6 13. Kh1 Bh3 14. Bxh3 Qxh3 15. Ng1 Qd7 16. Qa4 Qxa4 17. Nxa4 f5 18. f3 Nf6 19. c5 fxe4 20. fxe4 Ng4 21. Re2 Rf2 22. Rae1 Raf8 23. h3 Rxe2 24. Rxe2 Nf6 25. cxd6 cxd6 26. Bb4 Nc8 27. Nc3 a6 28. Nd1 Rd8 29. Nf2 Bf8 30. Rc2 Na7 31. Kg2 Rc8 32. Rxc8 Nxc8 33. Nf3 Kf7 34. Nd2 Be7 35. Nc4 b6 36. Kf3 Nd7 37. Nd3 h5 38. Bc3 a5 39. a4 Bd8 40. Bd2 Bc7 41. Bg5 Na7 42. Na3 Ke8 43. b3 Kf7 44. Be3 Ke7 45. Nb2 Bb8 46. Nbc4 Nc8 47. Nb5 Kf6 48. Ke2 Kf7 49. Kd3 Kf6 50. Kc3 Ke7 51. b4 axb4+ 52. Kxb4 Nc5 53. Bxc5 dxc5+ 54. Kc3 Kd7 55. Kd3 Ke7 56. Ke3 Kd7 57. Kf3 g5 58. g4 h4 59. Ke3 Ke7 60. Ke2 Kd7 61. Kd3 Ke7 62. Nd2 Kf6 63. Kc4 Bd6 64. Na3 Na7 65. Nb3 Ke7 66. a5 bxa5 67. Nxa5 Kd7 68. Nb3 Nc8 69. Kb5 Ne7 70. Nxc5+ Ke8 71. Nc4 Bxc5 72. Kxc5 Ng6 73. Kc6 Kd8 74. d6 Nf4 75. Nxe5 Nxh3 76. d7 1-0

[Event "Skakligaen 2024-25"]
[Site "Denmark"]
[Date "2025.03.29"]
[Round "8.4"]
[White "Hoiberg, Nina"]
[Black "Jakab, Bela"]
[Result "0-1"]
[WhiteElo "2073"]
[BlackElo "2337"]
[EventDate "2024.11.02"]
[EventType "team-tourn"]
[EventRounds "9"]
[EventCountry "DEN"]
[SourceTitle "Live v. Kasper Jerwiarz"]
[WhiteTeam "Nordre"]
[BlackTeam "Koge"]
[WhiteTeamCountry "DEN"]
[BlackTeamCountry "DEN"]

1. e4 e6 2. d4 d5 3. Nd2 c5 4. exd5 Qxd5 5. Ngf3 cxd4 6. Bc4 Qd7 7. Nb3 Nc6 8. Nbxd4 Nxd4 9. Qxd4 Qxd4 10. Nxd4 Bd7 11. Bb5 O-O-O 12. Be3 Nf6 13. O-O-O Nd5 14. Bg5 f6 15. Bxd7+ Rxd7 16. Bd2 e5 17. Ne6 g5 18. Nxf8 Rxf8 19. Rhe1 h5 20. c4 Nc7 21. h4 g4 22. Be3 a6 23. f3 Ne6 24. fxg4 hxg4 25. g3 f5 26. Rd5 Rxd5 27. cxd5 Nc7 28. d6 Ne6 29. Bf2 e4 30. Be3 Kd7 31. Rd1 f4 32. gxf4 Nxf4 33. Kd2 Nd3 34. Rg1 Ne5 35. Ke2 Kxd6 36. Bd2 Rh8 37. Bg5 Ke6 38. Ke3 Kf5 39. Rf1+ Nf3 40. Rc1 g3 41. Rc2 Kg4 42. Bf6 Rf8 43. Be7 Re8 44. Bf6 Rf8 45. Be7 Rf7 46. Bd6 Nxh4 47. Kxe4 g2 48. Rc8 Nf3 49. Bc5 Rf5 50. Ba7 Rb5 51. Rc2 Re5+ 0-1

[Event "Skakligaen 2024-25"]
[Site "Denmark"]
[Date "2025.03.29"]
[Round "8.5"]
[White "Meskenas, Paulius"]
[Black "Hedevang, Benjamin"]
[Result "1-0"]
[WhiteElo "2148"]
[BlackElo "2046"]
[EventDate "2024.11.02"]
[EventType "team-tourn"]
[EventRounds "9"]
[EventCountry "DEN"]
[SourceTitle "Live v. Kasper Jerwiarz"]
[WhiteTeam "Koge"]
[BlackTeam "Nordre"]
[WhiteTeamCountry "DEN"]
[BlackTeamCountry "DEN"]

1. e4 c5 2. c3 Nf6 3. e5 Nd5 4. d4 cxd4 5. Nf3 e6 6. cxd4 Nc6 7. Bc4 Nb6 8. Bb5 a6 9. Bxc6 bxc6 10. Nc3 Bb7 11. Ne4 c5 12. Nxc5 Bxc5 13. dxc5 Nd5 14. Qd4 O-O 15. O-O f5 16. exf6 Nxf6 17. Ne5 Qe8 18. b4 Nd5 19. Bd2 Rd8 20. Bg5 d6 21. Bxd8 dxe5 22. Qxe5 Qxd8 23. Qxe6+ Kh8 24. Rad1 Qg5 25. c6 Nf4 26. Qe4 Ba8 27. Kh1 Qb5 28. Qxf4 Qxf1+ 29. Rxf1 Rxf4 30. Rd1 Rf8 31. c7 Bb7 32. Rd8 Kg8 33. Rb8 Bc8 34. a4 Kf7 35. b5 Ke7 36. b6 Kd7 37. b7 Kxc7 38. Rxc8+ Rxc8 39. bxc8=Q+ Kxc8 40. g4 Kc7 41. f4 Kd6 42. Kg2 Kd5 43. Kf3 Kd4 44. f5 Ke5 45. Ke3 g6 46. fxg6 hxg6 47. h4 a5 48. h5 1-0

[Event "Skakligaen 2024-25"]
[Site "Denmark"]
[Date "2025.03.29"]
[Round "8.6"]
[White "Rewitz, Jan"]
[Black "Pedersen, Henrik Dahl"]
[Result "0-1"]
[WhiteElo "2048"]
[BlackElo "2279"]
[EventDate "2024.11.02"]
[EventType "team-tourn"]
[EventRounds "9"]
[EventCountry "DEN"]
[SourceTitle "Live v. Kasper Jerwiarz"]
[WhiteTeam "Nordre"]
[BlackTeam "Koge"]
[WhiteTeamCountry "DEN"]
[BlackTeamCountry "DEN"]

1. d4 d5 2. Nf3 e6 3. c4 a6 4. b3 Nf6 5. Bb2 dxc4 6. bxc4 c5 7. e3 cxd4 8. exd4 Bb4+ 9. Nbd2 Ne4 10. Bd3 Nxd2 11. Nxd2 Qg5 12. Qe2 O-O 13. O-O-O Bd7 14. Kb1 Bxd2 15. Rxd2 Nc6 16. Ka1 b5 17. h4 Qh6 18. g4 Qf4 19. Qe4 Qxe4 20. Bxe4 bxc4 21. Rc1 Ra7 22. Rxc4 Ne7 23. Ba3 Bb5 24. Rc1 Rd8 25. d5 Nxd5 26. Bxd5 Rad7 27. Rcd1 exd5 28. Rd4 Bc4 29. Re1 f6 30. h5 h6 31. f4 Rf7 32. Bc1 Rdf8 33. Re3 Rc8 34. Bd2 Rff8 35. a3 Rfe8 36. Kb2 Rb8+ 37. Kc2 Rxe3 38. Bxe3 Rb3 39. Bc1 f5 40. g5 Rh3 41. gxh6 gxh6 42. Rd2 Rxh5 43. Rg2+ Kf7 44. Bb2 Rh4 45. Be5 Rg4 46. Rh2 Kg6 47. Kc3 h5 48. Kd4 h4 49. Bd6 Kf6 50. Be5+ Ke6 51. Rb2 Rg3 52. Rb6+ Kd7 53. Rh6 h3 54. a4 Ra3 55. a5 Bf1 56. Rh7+ Ke6 57. Rh6+ Kf7 58. Bc7 Kg7 59. Rh4 Ra2 60. Kxd5 h2 61. Ke5 Bd3 62. Bd8 Re2+ 0-1

[Event "Skakligaen 2024-25"]
[Site "Denmark"]
[Date "2025.03.29"]
[Round "8.7"]
[White "Nord, Alexander"]
[Black "Holm, Filip Martin Kierulf Hou"]
[Result "1-0"]
[WhiteElo "2207"]
[BlackElo "2004"]
[EventDate "2024.11.02"]
[EventType "team-tourn"]
[EventRounds "9"]
[EventCountry "DEN"]
[SourceTitle "Live v. Kasper Jerwiarz"]
[WhiteTeam "Koge"]
[BlackTeam "Nordre"]
[WhiteTeamCountry "DEN"]
[BlackTeamCountry "DEN"]

1. d4 g6 2. e4 Bg7 3. Nc3 d6 4. Be3 Nd7 5. f4 e5 6. fxe5 dxe5 7. d5 Ngf6 8. Bd3 O-O 9. Nf3 Ng4 10. Bg1 f5 11. Qe2 fxe4 12. Nxe4 Ndf6 13. Bc5 Re8 14. c4 Nxe4 15. Bxe4 Nf6 16. Nd2 Bg4 17. Qd3 Nxe4 18. Nxe4 Bf5 19. O-O b6 20. Bb4 c6 21. Rad1 cxd5 22. cxd5 Qh4 23. Rfe1 Rad8 24. d6 Rd7 25. Qd5+ Kh8 26. Bc3 Bxe4 27. Rxe4 Qf6 28. Bxe5 Qxe5 29. Rxe5 Bxe5 30. Qb5 Rdd8 31. d7 Re7 32. Qc6 Rf7 33. Qe6 Kg8 34. Qxe5 1-0

[Event "Skakligaen 2024-25"]
[Site "Denmark"]
[Date "2025.03.29"]
[Round "8.8"]
[White "Mosegaard, Klaus"]
[Black "Bazilius, Augustinas"]
[Result "0-1"]
[WhiteElo "1871"]
[BlackElo "2199"]
[EventDate "2024.11.02"]
[EventType "team-tourn"]
[EventRounds "9"]
[EventCountry "DEN"]
[SourceTitle "Live v. Kasper Jerwiarz"]
[WhiteTeam "Nordre"]
[BlackTeam "Koge"]
[WhiteTeamCountry "DEN"]
[BlackTeamCountry "DEN"]

1. Nf3 c5 2. e3 Nf6 3. b3 g6 4. Bb2 Bg7 5. d4 d5 6. Bb5+ Bd7 7. Be2 cxd4 8. exd4 O-O 9. O-O Nc6 10. c4 Rc8 11. Nbd2 Bf5 12. Rc1 Bh6 13. Ra1 Nb4 14. Ne5 dxc4 15. Ndxc4 b5 16. Ne3 Bxe3 17. fxe3 Nc2 18. Rxf5 Nxe3 19. Qd2 Nxf5 20. g4 Nd6 21. Rf1 Nfe4 22. Qh6 Rc2 0-1

[Event "Skakligaen 2024-25"]
[Site "Denmark"]
[Date "2025.03.30"]
[Round "9.1"]
[White "Bjerre, Jonas Buhl"]
[Black "Grandelius, Nils"]
[Result "1-0"]
[WhiteElo "2637"]
[BlackElo "2644"]
[EventDate "2024.11.02"]
[EventType "team-tourn"]
[EventRounds "9"]
[EventCountry "DEN"]
[SourceTitle "Live v. Kasper Jerwiarz"]
[WhiteTeam "Skanderborg"]
[BlackTeam "Hillerod"]
[WhiteTeamCountry "DEN"]
[BlackTeamCountry "DEN"]

1. Nf3 Nf6 2. g3 c5 3. Bg2 Nc6 4. c4 d5 5. cxd5 Nxd5 6. Nc3 Nxc3 7. bxc3 e5 8. d3 Be7 9. O-O O-O 10. Rb1 Rb8 11. Nd2 Be6 12. Nc4 f6 13. f4 Qd7 14. fxe5 fxe5 15. Rxf8+ Rxf8 16. Qa4 a6 17. Nb6 Qe8 18. Be3 Qh5 19. Qc2 Qf7 20. Rf1 Qe8 21. Rxf8+ Bxf8 22. Qa4 h6 23. Qe4 Qf7 24. g4 Qc7 25. Nd5 Qf7 26. h4 Bd6 27. Nb6 Be7 28. h5 Bf8 29. Nc4 Qf6 30. Bf3 Bf7 31. Nd2 Qe6 32. c4 Bd6 33. Nf1 Qd7 34. Ng3 Bf8 35. Nf5 Be6 36. Nh4 Qd8 37. Ng6 Bd6 38. Bf2 Qa5 39. g5 hxg5 40. Bg4 Bf7 41. Qf5 Qd8 42. Bf3 Qc7 43. h6 Nd8 44. Be4 gxh6 45. Qf6 Bxg6 46. Qxg6+ Kf8 47. Qxh6+ Ke8 48. Qg6+ Kd7 49. Qf5+ Ke8 50. Qxg5 Qe7 51. Qg4 Qe6 52. Bf5 Qh6 53. Bh4 Qf4 54. Bg6+ 1-0

[Event "Skakligaen 2024-25"]
[Site "Denmark"]
[Date "2025.03.30"]
[Round "9.2"]
[White "Thybo, Jesper Sondergaard"]
[Black "Svane, Frederik"]
[Result "0-1"]
[WhiteElo "2560"]
[BlackElo "2654"]
[EventDate "2024.11.02"]
[EventType "team-tourn"]
[EventRounds "9"]
[EventCountry "DEN"]
[SourceTitle "Live v. Kasper Jerwiarz"]
[WhiteTeam "Hillerod"]
[BlackTeam "Skanderborg"]
[WhiteTeamCountry "DEN"]
[BlackTeamCountry "DEN"]

1. d4 d5 2. c4 e6 3. Nf3 Nf6 4. g3 Bb4+ 5. Bd2 Be7 6. Bg2 c6 7. Qc2 b6 8. O-O Nbd7 9. Bf4 Bb7 10. Rd1 Rc8 11. Nc3 dxc4 12. Nd2 Nd5 13. Nxc4 Nxf4 14. gxf4 Qc7 15. Ne5 O-O 16. Rac1 Nxe5 17. dxe5 a6 18. Ne4 Rcd8 19. Rxd8 Rxd8 20. Rd1 Rxd1+ 21. Qxd1 c5 22. e3 b5 23. a4 c4 24. axb5 axb5 25. Qd4 Qa5 26. Nf6+ Bxf6 27. exf6 Qa1+ 28. Bf1 gxf6 29. Qxf6 Qb1 30. Qg5+ Qg6 31. Be2 Kf8 32. f3 f6 33. Qxg6 hxg6 34. Kf2 Ke7 35. e4 Kd6 36. Ke3 Bc8 37. h4 Kc5 38. Bd1 f5 39. Bc2 Bd7 40. Bd1 b4 41. Bc2 Bb5 42. Bd1 Bc6 43. Bc2 Bd7 44. Bd1 Bb5 45. Bc2 b3 46. Bd1 c3 47. Bxb3 cxb2 48. Ba2 Bf1 49. Bb1 Bc4 0-1

[Event "Skakligaen 2024-25"]
[Site "Denmark"]
[Date "2025.03.30"]
[Round "9.3"]
[White "Andersen, Mads"]
[Black "Hansen, Sune Berg"]
[Result "1/2-1/2"]
[WhiteElo "2585"]
[BlackElo "2505"]
[EventDate "2024.11.02"]
[EventType "team-tourn"]
[EventRounds "9"]
[EventCountry "DEN"]
[SourceTitle "Live v. Kasper Jerwiarz"]
[WhiteTeam "Skanderborg"]
[BlackTeam "Hillerod"]
[WhiteTeamCountry "DEN"]
[BlackTeamCountry "DEN"]

1. e4 c5 2. Nf3 Nc6 3. Bb5 Nf6 4. Bxc6 dxc6 5. d3 g6 6. h3 Bg7 7. Nc3 O-O 8. Be3 b6 9. Qd2 e5 10. Bh6 Qd6 11. Bxg7 Kxg7 12. Qe3 Ne8 13. Nd2 Nc7 14. Nc4 Qe7 15. Ne2 Ba6 16. b3 Ne6 17. Qg3 Bxc4 18. bxc4 Nd4 19. Nxd4 cxd4 20. O-O b5 21. cxb5 cxb5 22. f4 f6 23. Rf2 Rac8 24. Raf1 exf4 25. Qxf4 Rc5 26. Qd2 Rc3 27. g4 Qc7 28. g5 Qg3+ 29. Rg2 Qe3+ 30. Qxe3 dxe3 31. Rf3 fxg5 32. Rxe3 Rfc8 33. Ree2 Kf6 34. e5+ Ke6 35. Rgf2 R8c5 36. d4 Rd5 37. Rf6+ Ke7 38. Rd2 Rc4 39. Ra6 Rcxd4 40. Rxa7+ Rd7 41. Rxd4 Rxa7 42. Rd5 Rxa2 43. Rxb5 Ke6 44. Rb7 Rxc2 1/2-1/2

[Event "Skakligaen 2024-25"]
[Site "Denmark"]
[Date "2025.03.30"]
[Round "9.4"]
[White "Schandorff, Lars"]
[Black "Olsen, Filip Boe"]
[Result "0-1"]
[WhiteElo "2473"]
[BlackElo "2468"]
[EventDate "2024.11.02"]
[EventType "team-tourn"]
[EventRounds "9"]
[EventCountry "DEN"]
[SourceTitle "Live v. Kasper Jerwiarz"]
[WhiteTeam "Hillerod"]
[BlackTeam "Skanderborg"]
[WhiteTeamCountry "DEN"]
[BlackTeamCountry "DEN"]

1. d4 Nf6 2. Nf3 d5 3. e3 c5 4. c3 e6 5. Bd3 Nbd7 6. Nbd2 b6 7. Qe2 Bb7 8. e4 cxd4 9. Nxd4 Qb8 10. exd5 Nxd5 11. N2f3 a6 12. O-O Nf4 13. Bxf4 Qxf4 14. Rfe1 Be7 15. Be4 Bxe4 16. Qxe4 Qxe4 17. Rxe4 Rc8 18. Rd1 Nc5 19. Re2 O-O 20. Nf5 Bf6 21. Ng3 Rfd8 22. Red2 Rxd2 23. Rxd2 Kf8 24. Kf1 g6 25. Ke2 Ke7 26. Ne1 e5 27. Nd3 Bg5 28. Rd1 Nxd3 29. Rxd3 f5 30. f3 h5 31. Nf1 Ke6 32. Ne3 Bxe3 33. Kxe3 f4+ 34. Kf2 g5 35. Rd2 b5 36. Ke2 Rg8 37. Kf2 g4 38. Rd1 a5 39. a3 a4 40. Rd2 Rg7 41. Rd8 Rd7 42. Re8+ Kd5 43. Ke2 Rg7 44. Rh8 Rg5 45. Rd8+ Kc4 46. Rc8+ Kb3 47. Rc5 gxf3+ 48. gxf3 Rg2+ 49. Kd3 Rxb2 50. Rxb5+ Kxa3 51. Rxe5 Rxh2 52. c4 Rh1 53. Rb5 h4 54. Ke4 Rc1 55. Kxf4 Rxc4+ 56. Kg5 h3 57. Rb8 h2 58. Rh8 Rc2 59. f4 Rg2+ 0-1

[Event "Skakligaen 2024-25"]
[Site "Denmark"]
[Date "2025.03.30"]
[Round "9.5"]
[White "Pajeken, Jakob Leon"]
[Black "Aagaard, Jacob"]
[Result "0-1"]
[WhiteElo "2427"]
[BlackElo "2430"]
[EventDate "2024.11.02"]
[EventType "team-tourn"]
[EventRounds "9"]
[EventCountry "DEN"]
[SourceTitle "Live v. Kasper Jerwiarz"]
[WhiteTeam "Skanderborg"]
[BlackTeam "Hillerod"]
[WhiteTeamCountry "DEN"]
[BlackTeamCountry "DEN"]

1. e4 e5 2. Nf3 Nc6 3. Bc4 Bc5 4. O-O Nf6 5. d3 d6 6. c3 a6 7. a4 h6 8. Re1 Ba7 9. Nbd2 Be6 10. Bxe6 fxe6 11. Nf1 Qd7 12. b4 O-O 13. Ra2 Ne7 14. Ng3 Rae8 15. d4 exd4 16. cxd4 Ng6 17. Rd2 Qf7 18. Rd3 e5 19. dxe5 Ng4 20. Rd2 N6xe5 21. Nxe5 Nxf2 22. Nxf7 Nxd1+ 23. Kf1 Rxf7+ 24. Ke2 Nc3+ 25. Kd3 Nxa4 26. Ra2 b5 27. Be3 Bxe3 28. Rxe3 g6 29. Rae2 Re5 30. Kd4 Rfe7 31. Rf3 c5+ 32. Kd3 cxb4 33. Kd4 Kg7 34. Ref2 Nc3 35. Rf4 d5 36. Rg4 Nxe4 37. Nf5+ Rxf5 38. Rxf5 h5 0-1

[Event "Skakligaen 2024-25"]
[Site "Denmark"]
[Date "2025.03.30"]
[Round "9.6"]
[White "Storme, Isak"]
[Black "Licznerski, Lukasz"]
[Result "1-0"]
[WhiteElo "2461"]
[BlackElo "2436"]
[EventDate "2024.11.02"]
[EventType "team-tourn"]
[EventRounds "9"]
[EventCountry "DEN"]
[SourceTitle "Live v. Kasper Jerwiarz"]
[WhiteTeam "Hillerod"]
[BlackTeam "Skanderborg"]
[WhiteTeamCountry "DEN"]
[BlackTeamCountry "DEN"]

1. d4 Nf6 2. c4 g6 3. Nc3 d5 4. cxd5 Nxd5 5. e4 Nxc3 6. bxc3 Bg7 7. Bc4 c5 8. Ne2 Nc6 9. Be3 O-O 10. O-O Bg4 11. f3 Bd7 12. Qd2 Qa5 13. dxc5 Ne5 14. Bb3 Bb5 15. Rfd1 Rfd8 16. Nd4 Nc4 17. Bxc4 Bxc4 18. c6 Qc7 19. cxb7 Qxb7 20. Bh6 Bxh6 21. Qxh6 e5 22. Nc2 Bxa2 23. Ne3 Qb6 24. h4 Be6 25. Kh2 Rxd1 26. Rxd1 Rd8 27. Nd5 Bxd5 28. exd5 Qc5 29. Qd2 a5 30. h5 a4 31. h6 a3 32. Qg5 Qd6 33. c4 Ra8 34. c5 f6 35. Qc1 Qd8 36. d6 a2 37. c6 a1=Q 38. Qc4+ 1-0

[Event "Skakligaen 2024-25"]
[Site "Denmark"]
[Date "2025.03.30"]
[Round "9.7"]
[White "Pedersen, Nicolai Vesterbaek"]
[Black "Percivaldi, Martin"]
[Result "0-1"]
[WhiteElo "2349"]
[BlackElo "2375"]
[EventDate "2024.11.02"]
[EventType "team-tourn"]
[EventRounds "9"]
[EventCountry "DEN"]
[SourceTitle "Live v. Kasper Jerwiarz"]
[WhiteTeam "Skanderborg"]
[BlackTeam "Hillerod"]
[WhiteTeamCountry "DEN"]
[BlackTeamCountry "DEN"]

1. c4 e6 2. Nc3 d5 3. d4 c6 4. e4 dxe4 5. Nxe4 Bb4+ 6. Nc3 c5 7. a3 Ba5 8. Nf3 Nf6 9. Be3 cxd4 10. Qxd4 Qxd4 11. Bxd4 Nc6 12. Bxf6 gxf6 13. b4 Bc7 14. Nb5 Bb8 15. O-O-O a5 16. bxa5 Nxa5 17. Kb2 Ke7 18. Be2 Bd7 19. Rd2 Rc8 20. Rhd1 Be8 21. Rd4 Ra6 22. Rh4 Rac6 23. Kc3 Rc5 24. a4 Bxb5 25. axb5 Rxb5 26. Rxh7 Be5+ 27. Nxe5 Rxe5 28. Rd2 Nxc4 29. Bxc4 b5 30. Rh4 Rec5 31. Kb4 bxc4 32. Rc2 c3 33. Rh3 R5c7 34. Kb5 Rb7+ 35. Ka6 Rb1 0-1

[Event "Skakligaen 2024-25"]
[Site "Denmark"]
[Date "2025.03.30"]
[Round "9.8"]
[White "Borge, Nikolaj"]
[Black "Brondt, Nicolai Kvist"]
[Result "1-0"]
[WhiteElo "2362"]
[BlackElo "2238"]
[EventDate "2024.11.02"]
[EventType "team-tourn"]
[EventRounds "9"]
[EventCountry "DEN"]
[SourceTitle "Live v. Kasper Jerwiarz"]
[WhiteTeam "Hillerod"]
[BlackTeam "Skanderborg"]
[WhiteTeamCountry "DEN"]
[BlackTeamCountry "DEN"]

1. e4 c5 2. Nf3 e6 3. d4 cxd4 4. Nxd4 Nc6 5. Nc3 Qc7 6. Be3 a6 7. a3 b5 8. Nxc6 Qxc6 9. Bd3 Bb7 10. Qd2 b4 11. Ne2 Nf6 12. f3 bxa3 13. bxa3 Be7 14. c4 d6 15. O-O O-O 16. Nd4 Qc7 17. Rfc1 Nd7 18. Rab1 Nc5 19. Bf1 Rfd8 20. Qe1 Bf6 21. Qf2 Rac8 22. Nb3 Rd7 23. Qe1 Ba8 24. Qb4 Qd8 25. Nxc5 dxc5 26. Qb6 Bd4 27. Qxd8+ Rdxd8 28. Bxd4 cxd4 29. c5 a5 30. Rb6 Bc6 31. Kf2 Kf8 32. Ba6 Rc7 33. Ke2 Ke7 34. Kd3 e5 35. Bc4 f6 36. Ra6 Ra8 37. Rxa8 Bxa8 38. Bd5 Bb7 39. c6 Ba6+ 40. Kd2 Bb5 41. Rc5 Ba4 42. Rc4 Bb3 43. Rc5 a4 44. Rb5 Kd6 45. Kd3 g6 46. h4 f5 47. f4 fxe4+ 48. Bxe4 exf4 49. Kxd4 Be6 50. Rb7 Rf7 51. Rb4 Bb3 52. Rb8 Re7 53. Rd8+ Kc7 54. Rf8 Bf7 55. Ra8 Kd6 56. Rxa4 Be8 57. Rc4 Rc7 58. a4 h6 59. Rc5 Re7 60. Rd5+ Kxc6 61. Re5+ Kd6 62. Rxe7 Kxe7 63. a5 Bb5 64. Bxg6 Bf1 65. Be4 Kd6 66. Bf3 Ba6 67. Ba8 Bf1 68. Bb7 Kc7 69. a6 Be2 70. Ke5 f3 71. gxf3 1-0

[Event "Skakligaen 2024-25"]
[Site "Denmark"]
[Date "2025.03.30"]
[Round "9.1"]
[White "Kanov, Nikola Krasimirov"]
[Black "Kistrup, Nicolai"]
[Result "1-0"]
[WhiteElo "2413"]
[BlackElo "2356"]
[EventDate "2024.11.02"]
[EventType "team-tourn"]
[EventRounds "9"]
[EventCountry "DEN"]
[SourceTitle "Live v. Kasper Jerwiarz"]
[WhiteTeam "Fredericia"]
[BlackTeam "BMS"]
[WhiteTeamCountry "DEN"]
[BlackTeamCountry "DEN"]

1. e4 c5 2. Nf3 d6 3. d4 cxd4 4. Nxd4 Nf6 5. Nc3 Nc6 6. Bg5 e6 7. Qd2 a6 8. O-O-O Be7 9. f4 Bd7 10. Kb1 h6 11. Bh4 b5 12. Bxf6 Bxf6 13. Nxc6 Bxc6 14. Qxd6 Qxd6 15. Rxd6 Rc8 16. e5 Be7 17. Rd2 Bb4 18. a3 Bxc3 19. bxc3 Bd5 20. Kb2 Ke7 21. h4 Rc5 22. Rh3 Rhc8 23. Rg3 Kf8 24. Rd4 R8c7 25. h5 Rc8 26. Re3 Ke7 27. g4 f6 28. exf6+ gxf6 29. Bh3 Bc4 30. Rde4 Bd5 31. Rd4 Bc4 32. Rd1 R8c7 33. Rde1 R7c6 34. Rg3 Rd6 35. Kc1 Kf7 36. Rge3 Ke7 37. Rf3 Rdc6 38. Rg3 Rd6 39. Reg1 Be2 40. Re1 Bc4 41. Rge3 Rdc6 42. Kb2 Rd6 43. Re4 Rdc6 44. Rd4 Rc7 45. Bg2 e5 46. g5 hxg5 47. fxg5 fxg5 48. Rg4 Bf7 49. h6 Bg6 50. Rxg5 Kf6 51. Rg3 Rc4 52. Rd1 Bh7 53. Rd6+ Kf5 54. Bh3+ Kf4 55. Rg4+ Kf3 56. Rg7 Rxg7 57. hxg7 Rc7 58. Rg6 Bg8 59. Be6 Bxe6 60. Rxe6 Rxg7 61. Rxe5 Rg4 62. Kb3 Ra4 63. Rh5 Ke3 64. Rh3+ Kd2 65. Rd3+ Kc1 66. Rd6 a5 67. Rd4 1-0